000 00263nam a2200109Ia 4500
008 190906s9999||||xx |||||||||||||| ||und||
100 _aAfia Salam
245 0 _aMushtaq Muhammad Inside Out
260 _aKarachi
_bFamous Books
_c2006
300 _a288
942 _cBK
999 _c6171
_d6171